000 01016nam a22002651u 4500
001 03446
003 HDC
007 cr bn ---
008 210106p2008 my fo d 00 g
040 _aHDC
100 _aTawfik Salah Mohammed Ben Bisher AL-Nahdi
_eauthor
_92797
245 0 _aINTENTION TO PATRONAGE HALAL RESTAURANTS AMONG MALAYSIAN MUSLIMS AN ISSUE OF HALAL PERCEPTION
_cby Tawfik Salah Mohammed Ben Bisher AL-Nahdi
260 _aMalaysia:
_bUniversiti Sains Malaysia,
_c2008
300 _a38 pages
336 _atext
_2rdacontent
337 _acomputer
_2rdamedia
338 _aonline resources
_2rdacarrier
650 _aBusiness
_xReligious aspects--Islam
_92799
650 _aHalal industry
_zMalaysia
_9204
650 _aHalal restaurants
_xIslam
_zMalaysia
_92798
856 _zRequest full-text at [email protected]
942 _2lcc
942 _cEIS
942 _kREPT 000083
999 _c832
_d832